000 00732nam a2200241 a 4500
001 BRCA_857
005 20190320203159.0
008 850418s1986 nyua---##b---#001-0#eng-#
020 _a0517558351
040 _aDLC
_cDLC
_dDLC
050 4 _aNK5198.L3
_b.D39 1986
100 1 _aDawes, Nicholas M.
_92859
245 1 0 _aLalique Glass
_cby Nicholas M. Dawes.
260 _aNueva York
_bCrown
_c1986
300 _a152 p.
_bil. (algunas a color)
_c27 cm.
500 _aIncluye índice alfabético
504 _aBibliografía : p. 145-147
600 1 4 _aLalique, René
_d1860-1945
_92722
610 2 4 _aRené Lalique et cie.
_92723
650 1 4 _aCristalería
_xHistoria
_ySiglos XIX y XX
_zFrancia
_92724
653 0 _aVidrio
942 _2lcc
_cB
999 _c752
_d752